00398 2200157 4500001002100000005001500021035002000036245005300056100002100109300002600130260002800156082000800184084001400192020002200206990001200228INLIS00000000000293320250917092228 a0010-09250002801 aJanji Cinta Di Langit Eiffel /cEidelweis Almira0 aEidelweis Almira a256 hlm ;c14 x 21 cm aJakarta :bZettu,c2014 a813 a813 EID j a978-602-1298-25-1 a0755700